| 000 | 00660cab a2200241 4500 | ||
|---|---|---|---|
| 001 | ABS42515 | ||
| 008 | 090401t1990 xxu||||| |||| 00| 0 eng d | ||
| 035 | _a(Sirsi) u37391 | ||
| 041 | _aeng | ||
| 100 | _aTapper, S. | ||
| 245 | _aRetailing is still bonny | ||
| 260 | _c1990 | ||
| 350 | _a0 | ||
| 490 |
_aShop Property _vApril 1990, 26-44(10) |
||
| 520 | _aCommentary on the still buoyant retail market in Scotland `s major towns and on new shopping centre developments. | ||
| 650 | _aABERDEEN | ||
| 650 | _aEDINBURGH | ||
| 650 | _aFALKIRK | ||
| 650 | _aGLASGOW | ||
| 690 | _aPROPERTY-PROPERTY DEVELOPMENT | ||
| 942 | _n0 | ||
| 948 | _c04/03/1997 | ||
| 999 |
_c24176 _d24176 |
||